Bubáky spoza hraníc

Vstup zahraničného kapitálu špekulatívneho a kapitálu strategicky významného. Potreba zahraničného kapitálu pri oživení ekonomiky. Zahraničný kapitál v ČR, Poľsku a Maďarsku. Problém zadlženosti štátu voči zahraničiu. Kapitál v malých podnikateľských subjektoch. Zahraničný kapitál orientovaný na str...

Ausführliche Beschreibung

Gespeichert in:
Bibliographische Detailangaben
1. Verfasser: Černá, J.
Weitere Verfasser: Staněk, Peter
Format: Buchkapitel
Sprache:Slowakisch
Schlagworte:
Tags: Tag hinzufügen
Keine Tags, Fügen Sie das erste Tag hinzu!

MARC

LEADER 00000naa a2200000 4500
001 r021376
005 20251104123803.5
041 0 |a slo 
044 |a SK 
245 1 0 |a Bubáky spoza hraníc  |c J. Černá, P. Stanek 
520 |a Vstup zahraničného kapitálu špekulatívneho a kapitálu strategicky významného. Potreba zahraničného kapitálu pri oživení ekonomiky. Zahraničný kapitál v ČR, Poľsku a Maďarsku. Problém zadlženosti štátu voči zahraničiu. Kapitál v malých podnikateľských subjektoch. Zahraničný kapitál orientovaný na strategické projekty. 
610 2 0 |a kapitál zahraničný 
610 2 0 |a oživenie 
610 2 0 |a hospodárstvo svetové 
610 2 0 |a Česko 
610 2 0 |a Poľsko 
610 2 0 |a Maďarsko 
610 2 0 |a zadlženosť zahraničná 
610 2 0 |a podnik malý 
610 2 0 |a projekty investičné 
100 1 |a Černá, J. 
700 1 |a Staněk, Peter